Available copies
- 2 of 2 copies available at LARL/NWRL Consortium.
- 1 of 1 copy available at Lake Agassiz Regional Library. (Show preferred library)
Current holds
0 current holds with 2 total copies.
Show Only Available Copies
| Location | Call Number / Copy Notes | Barcode | Shelving Location | Status | Due Date |
|---|---|---|---|---|---|
| Frazee LINK Site | DVD J FAN (Text) | 33500013291455 | Main | Available | - |
| Warroad Public Library | DVD j FAN (Text) | 35500006396145 | Main | Available | - |
Record details
- Physical Description: 1 videodisc (114 min.) : sound, color ; 4 3/4 in.
- Publisher: [California] : Nickelodeon, [2020]
Content descriptions
| General Note: | Originally broadcast as single episodes of a television program 2015-2010. |
| Formatted Contents Note: | Pups save Thanksgiving -- Spooky costume party ... Read More |
| Summary, etc.: | Help Blue figure out Magenta's Halloween costume. ... Read More |
| System Details Note: | DVD, widescreen, region 1 NTSC. |
| Language Note: | English (5.1 Dolby digital), French (2.0 Dolby ... Read More |
Search for related items by subject
| Genre: | Animated television programs. Children's films. Children's television programs. Juvenile works. Animated television programs. Children's television programs. |
| LDR | 03432cgm a2200685Ki 4500 | ||
|---|---|---|---|
| 001 | 350193 | ||
| 003 | LARL_NWRL_CONSORTIUM | ||
| 005 | 20200928160221.0 | ||
| 008 | 200727p20202015cau114 j vaeng d | ||
| 007 | vd cvaizk | ||
| 040 | . | ‡aTEFMT ‡beng ‡erda ‡cTEFMT ‡dTEF ‡dOCLCF ‡dTEFMT ‡dEB$ ‡dLE@ | |
| 024 | 1 | . | ‡a032429342614 |
| 028 | 4 | 2. | ‡a59212484000 ‡bNickelodeon/Paramount Home Entertainment |
| 035 | . | ‡a(OCoLC)1178768344 | |
| 037 | . | ‡bMidwest Tape ‡nhttp://www.midwesttapes.com | |
| 041 | 1 | . | ‡aeng ‡afre ‡aspa ‡heng |
| 082 | 0 | 4. | ‡a791.45/75 ‡223 |
| 245 | 0 | 0. | ‡aFantastic fall! |
| 246 | 0 | . | ‡iAt head of title: ‡aNick Jr. |
| 264 | 1. | ‡a[California] : ‡bNickelodeon, ‡c[2020] | |
| 300 | . | ‡a1 videodisc (114 min.) : ‡bsound, color ; ‡c4 3/4 in. | |
| 336 | . | ‡atwo-dimensional moving image ‡btdi ‡2rdacontent | |
| 337 | . | ‡avideo ‡bv ‡2rdamedia | |
| 338 | . | ‡avideodisc ‡bvd ‡2rdacarrier | |
| 344 | . | ‡adigital ‡2rdatr | |
| 344 | . | ‡boptical ‡2rdarm | |
| 344 | . | ‡gsurround ‡gstereo ‡2rdacpc | |
| 344 | . | ‡hDolby digital 5.1 ‡hDolby digital 2.0 | |
| 347 | . | ‡avideo file ‡2rdaft | |
| 347 | . | ‡bDVD video | |
| 380 | . | ‡aAnimated television programs ‡2lcgft | |
| 538 | . | ‡aDVD, widescreen, region 1 NTSC. | |
| 546 | . | ‡aEnglish (5.1 Dolby digital), French (2.0 Dolby digital) or Spanish (2.0 Dolby digital) dialogue. | |
| 500 | . | ‡aOriginally broadcast as single episodes of a television program 2015-2010. | |
| 505 | 0 | 0. | ‡tPups save Thanksgiving -- ‡tSpooky costume party with Blue -- ‡tThankful with Blue -- ‡tTruck or treat! -- ‡tTrick-or-treat, Mr. Grumpfish! -- ‡tFairy happy Thanksgiving. |
| 520 | . | ‡aHelp Blue figure out Magenta's Halloween costume. Blaze and AJ are excited to 'truck or treat,' but Crusher tries to steal their candy! Then, it's time to give thanks as Josh plays Blue's Clues to discover what Blue is thankful for. Marshall and Chase and the pups rescue Mayor Humdinger and his kittens from a bouncy Thanksgiving turkey! And The Bean Team shows Ms. Marmalady what Thanksgiving is all about. | |
| 650 | 0. | ‡aHalloween ‡vJuvenile films. | |
| 650 | 7. | ‡aHalloween. ‡2fast ‡0(LARL_NWRL_CONSORTIUM)178332 | |
| 650 | 0. | ‡aThanksgiving Day ‡vJuvenile films. | |
| 650 | 0. | ‡aAutumn ‡vJuvenile films. | |
| 650 | 0. | ‡aPAW Patrol (Fictitious characters) ‡vJuvenile films. | |
| 630 | 0 | 0. | ‡aBlue's clues (Television program) ‡vJuvenile films. |
| 630 | 0 | 0. | ‡aBlaze and the monster machines (Television program) ‡vJuvenile films. |
| 630 | 0 | 0. | ‡aBubble Guppies (Television program) ‡vJuvenile films. |
| 630 | 0 | 0. | ‡aButterbean's café (Television program) ‡vJuvenile films. |
| 630 | 0 | 0. | ‡aPAW patrol (Television program) ‡vJuvenile films. |
| 655 | 7. | ‡aAnimated television programs. ‡2fast ‡0(LARL_NWRL_CONSORTIUM)175705 | |
| 655 | 7. | ‡aChildren's films. ‡2fast ‡0(LARL_NWRL_CONSORTIUM)175624 | |
| 655 | 7. | ‡aChildren's television programs. ‡2fast ‡0(LARL_NWRL_CONSORTIUM)175766 | |
| 655 | 7. | ‡aJuvenile works. ‡2fast | |
| 655 | 7. | ‡aAnimated television programs. ‡2lcgft ‡0(LARL_NWRL_CONSORTIUM)175705 | |
| 655 | 7. | ‡aChildren's television programs. ‡2lcgft ‡0(LARL_NWRL_CONSORTIUM)175766 | |
| 710 | 2 | . | ‡aNickelodeon (Firm), ‡epublisher. ‡0(LARL_NWRL_CONSORTIUM)153532 |
| 710 | 2 | . | ‡aParamount Home Entertainment (Firm), ‡epublisher. ‡0(LARL_NWRL_CONSORTIUM)210140 |
| 730 | 0 | 2. | ‡iContainer of (work): ‡aFantastic fall! (Television program) |
| 730 | 0 | 2. | ‡iContainer of (expression): ‡aFantastic fall! (Television program). ‡lFrench. |
| 730 | 0 | 2. | ‡iContainer of (expression): ‡aFantastic fall! (Television program). ‡lSpanish. |
| 901 | . | ‡a350193 ‡bOCoLC ‡c350193 ‡tbiblio ‡soclc | |

Add to basket
Permalink
Enable Highlighting